व्याकरण रत्न (Record no. 390438)

MARC details
000 -LEADER
fixed length control field 00724nam a22002417a 4500
003 - CONTROL NUMBER IDENTIFIER
control field OSt
005 - DATE AND TIME OF LATEST TRANSACTION
control field 20220924113658.0
008 - FIXED-LENGTH DATA ELEMENTS--GENERAL INFORMATION
fixed length control field 220923b |||||||| |||| 00| 0 hin d
037 ## - SOURCE OF ACQUISITION
Terms of availability General Books
040 ## - CATALOGING SOURCE
Original cataloging agency ARTS
Transcribing agency ARTS
Language of cataloging hin
041 ## - LANGUAGE CODE
Source of code hin
Language code of text/sound track or separate title hin
100 ## - MAIN ENTRY--PERSONAL NAME
Personal name देव, गोपालचन्द्र
9 (RLIN) 11561
245 #0 - TITLE STATEMENT
Title व्याकरण रत्न
246 ## - VARYING FORM OF TITLE
Title proper/short title Vyākaraṇ ratna
260 ## - PUBLICATION, DISTRIBUTION, ETC.
Place of publication, distribution, etc. लाहौर,
Name of publisher, distributor, etc. विधाभवन
Date of publication, distribution, etc. 1935
300 ## - PHYSICAL DESCRIPTION
Extent 190पृ0
942 ## - ADDED ENTRY ELEMENTS (KOHA)
Classification part P152:3, 152G5
Koha item type General Books
Source of classification or shelving scheme Colon Classification (CC)
Holdings
Withdrawn status Lost status Damaged status Not for loan Home library Current library Date acquired Total Checkouts Full call number Barcode Date last seen Price effective from Koha item type
        Arts Library Arts Library 2022-09-24   P152:3 152G5 AL0030833 2022-09-24 2022-09-24 General Books
Copyright @ Delhi University Library System